000 00445nam a22001577a 4500
005 20251108164104.0
008 250721s1991 xx 000 0 ara d
082 1 4 _a300/حدا
100 1 _aحداد، مهنا
245 1 0 _aمداخل إلى العلوم الإجتماعية /
264 1 _aعمان :
_bدار مجدلاوي،
_c1991.
300 _a442ص
650 1 7 _aالعلوم الإجتماعية
942 _2ddc
_cBK
999 _c3305
_d3305